| 000 | 00850nam a22001937a 4500 | ||
|---|---|---|---|
| 005 | 20250606112831.0 | ||
| 010 | _aHIN-124286 | ||
| 020 |
_c500.00 _a9789387643574 |
||
| 035 | _aHN-96632 | ||
| 037 | _bDBAD/PUB | ||
| 082 | _a821.08 | ||
| 100 |
_aललिता सिंह _981742 |
||
| 245 |
_aसमकालीन हिंदी कविता और अशोक वाजपेयी की काव्य -सृष्टि / _cललिता सिंह |
||
| 246 | _aBalyakaal Ki Shiksha / | ||
| 260 |
_aवाराणसी _bविश्वविद्यालय प्रकाशन _c2022 |
||
| 270 |
_bवाराणसी _aविशालाक्षी भवन चौक , _e221001 |
||
| 300 |
_a255पृ. _c22सेमी(सजिल्द) |
||
| 942 |
_cHN _h821.08 _m सिंहल _2ddc |
||
| 999 |
_c191732 _d191732 |
||